Mundo de alas 1 : libro de lectura inicial /
Guardado en:
| Autor Principal: | |
|---|---|
| Otros Autores: | |
| Formato: | Libro |
| Publicado: |
Buenos Aires :
Plus Ultra,
1983
|
| Materias: | |
| Etiquetas: |
Agregar Etiqueta
Sin Etiquetas, Sea el primero en etiquetar este registro!
|
| LEADER | 00770nam a22002415a 4500 | ||
|---|---|---|---|
| 001 | CEM.cems012448 | ||
| 005 | 20070412175456.0 | ||
| 008 | 130507s1983##################000#0#####d | ||
| 003 | CEMS | ||
| 020 | |a 9502105354 | ||
| 082 | 0 | 4 | |a 372.41 |
| 100 | 1 | |a Frugoni, Teresita | |
| 245 | 1 | 0 | |a Mundo de alas 1 : |b libro de lectura inicial / |c Teresita Frugoni y María Z. Camponovo |
| 260 | |a Buenos Aires : |b Plus Ultra, |c 1983 | ||
| 300 | |a 158 p. | ||
| 500 | |a Libro de lectura inicial | ||
| 653 | |a Biblioteca maría de los Ángeles saggio | ||
| 653 | |a Educación primaria | ||
| 653 | |a Lengua-1°ciclo egb | ||
| 653 | |a Lengua-1°año egb | ||
| 653 | |a Lengua-libro de lectura | ||
| 700 | 1 | |a Caponovo, María Z. | |
| 859 | |a CEMS |b BIB. CEMS - 11 de abril |h 372.41 |i F929 |p 23754.07 |t Ej.1 | ||
